Villager participation in the relocation of El Gourna, Egypt (Record no. 114572)
[ view plain ]
| 000 -LEADER | |
|---|---|
| fixed length control field | 00933cad a22002055a 4500 |
| 001 - CONTROL NUMBER | |
| control field | L157070 |
| 008 - FIXED-LENGTH DATA ELEMENTS--GENERAL INFORMATION | |
| fixed length control field | 120829s2012 xxk f 000 0 eng d |
| 020 ## - INTERNATIONAL STANDARD BOOK NUMBER | |
| International Standard Book Number | 9781842198070 |
| 035 ## - SYSTEM CONTROL NUMBER | |
| System control number | (Sirsi) u157070 |
| 041 0# - LANGUAGE CODE | |
| Language code of text/sound track or separate title | eng |
| 100 1# - MAIN ENTRY--PERSONAL NAME | |
| Personal name | Duggan, Paul D. |
| 245 00 - TITLE STATEMENT | |
| Title | Villager participation in the relocation of El Gourna, Egypt |
| Medium | [electronic resource] |
| 260 ## - PUBLICATION, DISTRIBUTION, ETC. | |
| Place of publication, distribution, etc. | London |
| Name of publisher, distributor, etc. | RICS |
| Date of publication, distribution, etc. | 2012 |
| 490 #0 - SERIES STATEMENT | |
| Series statement | RICS Research |
| 520 ## - SUMMARY, ETC. | |
| Summary, etc. | Examines the effects of relocations which took place in Luxor and El Gourna, Egypt, and discusses the ways in which local villagers were involved. Looks at how local involvement and participation could be structured or enhanced to improve relocation outcomes. |
| 651 #4 - SUBJECT ADDED ENTRY--GEOGRAPHIC NAME | |
| Geographic name | Egypt |
| 690 ## - LOCAL SUBJECT ADDED ENTRY--TOPICAL TERM (OCLC, RLIN) | |
| Topical term or geographic name as entry element | Planning and development |
| 9 (RLIN) | 6259 |
| 856 40 - ELECTRONIC LOCATION AND ACCESS | |
| Uniform Resource Identifier | <a href="https://www.rics.org/profession-standards/knowledge-and-information-services/document-delivery-and-o">https://www.rics.org/profession-standards/knowledge-and-information-services/document-delivery-and-o</a> |
| Public note | email [email protected] to request a copy |
| 942 ## - ADDED ENTRY ELEMENTS (KOHA) | |
| Suppress in OPAC | 0 |
| Withdrawn status | Lost status | Source of classification or shelving scheme | Damaged status | Not for loan | Home library | Current library | Shelving location | Date acquired | Total Checkouts | Full call number | Barcode | Date last seen | Copy number | Price effective from | Koha item type | Public note |
|---|---|---|---|---|---|---|---|---|---|---|---|---|---|---|---|---|
| Dewey Decimal Classification | Virtual | Virtual | Online | 29/08/2012 | SCAN | 157070-2001 | 13/11/2023 | 1 | 06/08/2019 | Online material | Please contact [email protected] to request a digital copy |